00859 2200313 4500001002100000005001700021008004100038020001800079035002400097090001900121100001800140245009300158250001100251260003000262300002400292500004600316500001100362650001600373700002100389700002300410850001600433980001500449985000600464999001500470999001500485999001500500999001500515999001500530YOGYA-0209000004099420090227025724.0 ind  a979-534-247-9 0010-020900000040994 a525bFar PlKR aFARNDON, John aPlanet bumicJohn Farndon ; alih bahasa, Rachmad Isnanto ; penyunting, Indri Yuli Astuti aCet. 1 aBandungbPakar Rayac2005 a40 hlmbilusc28 cm aJudul asli : Science library planet earth aIndeks aPlanet bumi aIsnanto, Rakhmat aAstuti, Indri Yuli aYOPDYOG (M) a22-11-2007 a3 a07B0032522 a07B0032523 a07B0032524 a07B0032478 a07B0032479